000 00507nam a22001937a 4500
005 20220725112645.0
008 220725b ||||| |||| 00| 0 eng d
020 _a5010017830
040 _cAL
041 _aEnglish
082 _223
_a350.00947
_bOBOF
100 _aA V Obolonsky
_953057
245 _aFighting red tape in the USSR
260 _aMoscow
_bProgress Publishers
_c1988
300 _a206 p.
_bPB
_c16x10 cm.
650 _aUSSR
_953058
700 _aOBOLONSKY (A V)
_953059
942 _2ddc
_cGF
999 _c224148
_d224148